000 00373nam a2200121Ia 4500
008 220214s9999 xx 000 0 und d
022 _a0379-4504
245 0 _aCurrent Literature on Science of Science
260 _bPublication and Information Directorate
_aNew Delhi
500 _aEnding Volume & Year: 16, 1987
500 _aStarting Volume & Year: 12, 1983
942 _cBJ
999 _c17182
_d17182